DETERMINACIÓN EFECTO DE LA ENOCULACIÓN DEL HONGO BASIDIOMICETO PLEUROTUS OSTREATUS, SOBRE RASTROJO DE MAIZ, EN LA FINCA "CHIMAXITO", UBICADA EN EL MUNICIPIO DE COBÁN, DEPARTAMENTO DE ALTA VERAPAZ, DURANTE LOS MESES DE OCTUBRE - DICIEMBRE 2,000 Y ENERO 2,001./ (Registro nro. 2166)
[ vista simple ]
| 000 -LEADER | |
|---|---|
| campo de control de longitud fija | 01331nam a22002777a 4500 |
| 001 - NÚMERO DE CONTROL | |
| campo de control | TZ 0018 |
| 003 - IDENTIFICADOR DE NÚMERO DE CONTROL | |
| campo de control | gtcocun |
| 005 - FECHA Y HORA DE LA ÚLTIMA TRANSACCIÓN | |
| campo de control | 20250926194633.0 |
| 006 - CÓDIGOS DE INFORMACIÓN DE LONGITUD FIJA--CARACTERÍSTICAS DEL MATERIAL ADICIONAL | |
| campo de control de longitud fija | a||||gr|||| 00| 0 |
| 007 - CAMPO FIJO DE DESCRIPCIÓN FÍSICA--INFORMACIÓN GENERAL | |
| campo de control de longitud fija | ta |
| 008 - DATOS DE LONGITUD FIJA--INFORMACIÓN GENERAL | |
| campo de control de longitud fija | 250926b2001 gt ||||| m||| 00| 0 eng d |
| 040 ## - FUENTE DE CATALOGACIÓN | |
| Centro catalogador/agencia de origen | gtcocun |
| Lengua de catalogación | SPA |
| Centro/agencia transcriptor | gtcocun |
| Normas de descripción | RDA |
| 041 ## - CÓDIGO DE IDIOMA | |
| Código de lengua del texto/banda sonora o título independiente | SPA TZ 0018 |
| 084 ## - OTRO NÚMERO DE CLASIFICACIÓN | |
| Número de control del registro de autoridad o número normalizado | TZ 0018 |
| 100 ## - ENTRADA PRINCIPAL--NOMBRE DE PERSONA | |
| Nombre de persona | Juárez, Miguel Ángel |
| Término indicativo de función/relación | Autor |
| 245 ## - MENCIÓN DEL TÍTULO | |
| Título | DETERMINACIÓN EFECTO DE LA ENOCULACIÓN DEL HONGO BASIDIOMICETO PLEUROTUS OSTREATUS, SOBRE RASTROJO DE MAIZ, EN LA FINCA "CHIMAXITO", UBICADA EN EL MUNICIPIO DE COBÁN, DEPARTAMENTO DE ALTA VERAPAZ, DURANTE LOS MESES DE OCTUBRE - DICIEMBRE 2,000 Y ENERO 2,001./ |
| Mención de responsabilidad, etc. | Miguel Ángel Juárez. |
| Medio | Impreso |
| 264 ## - PRODUCCIÓN, PUBLICACIÓN, DISTRIBUCIÓN, FABRICACIÓN Y COPYRIGHT | |
| Producción, publicación, distribución, fabricación y copyright | Cobán, Alta Verapaz: |
| Nombre del de productor, editor, distribuidor, fabricante | Universidad de San Carlos de Guatemala, Centro Universitario del Norte, Zootecnia |
| Fecha de producción, publicación, distribución, fabricación o copyright | 2001 |
| 300 ## - DESCRIPCIÓN FÍSICA | |
| Extensión | 38 p.: |
| Otras características físicas | Ilustraciones, gráficas. |
| Dimensiones | 28 cm; |
| 502 ## - NOTA DE TESIS | |
| identificador de la tesis | TZ 0018 |
| 502 ## - NOTA DE TESIS | |
| Nota de tesis | Tesis de grado |
| Tipo de título | Zootecnia, |
| Nombre de la institución que otorga el título | Universidad de San Carlos de Guatemala, Centro Universitario del Norte, Zootecnia |
| Año de obtención del título | 2001 |
| Identificador de la tesis | TZ 0018 |
| 650 14 - PUNTO DE ACCESO ADICIONAL DE MATERIA--TÉRMINO DE MATERIA | |
| Fuente del encabezamiento o término | LEMB |
| Término de materia o nombre geográfico como elemento de entrada | Cobán, Alta Verapaz. |
| Subdivisión general | Zootecnia |
| -- | Bromatológicos |
| -- | Inoculación |
| -- | Medicina veterinaria |
| -- | Siembra |
| 700 ## - ENTRADA AGREGADA--NOMBRE PERSONAL | |
| Término indicativo de función/relación | Asesor |
| 856 ## - LOCALIZACIÓN Y ACCESO ELECTRÓNICOS | |
| Identificador Uniforme de Recurso | <a href="Sin archivo en línea.">Sin archivo en línea.</a> |
| Nota pública | Sin archivo en línea. |
| 942 ## - ELEMENTOS DE ENTRADA SECUNDARIOS (KOHA) | |
| Fuente de la clasificación o esquema de estantería | Clasificación Decimal Dewey |
| Tipo de ítem Koha | TESIS |
| Parte de la signatura que identifica el ejemplar (Parte del ítem) | TZ 0018 |
| Prefijo de la signatura | Clasificación |
| Suprimir en OPAC | No |
| -- | TZ_0018_000000000000000 |
| Estatus retirado | Estado de pérdida | Fuente de la clasificación o esquema de estantería | Estado de daño | No para préstamo | Colección | Biblioteca de origen | Biblioteca actual | Ubicación en estantería | Fecha de adquisición | Número de inventario | Total de préstamos | Signatura topográfica completa | Código de barras | Visto por última vez | Precio de reemplazo | Tipo de ítem Koha |
|---|---|---|---|---|---|---|---|---|---|---|---|---|---|---|---|---|
| Clasificación Decimal Dewey | tesis | BIBLIOTECA- CUNOR -JOSÉ LUIS GONZALES ROSALES | BIBLIOTECA- CUNOR -JOSÉ LUIS GONZALES ROSALES | Colección tesis | 16/09/2025 | TZ 0018 | TZ 0018 | TZ 0018 | 16/09/2025 | 16/09/2025 | TESIS |